000 00994nam a2200253Ia 4500
003 OSt
005 20221005103811.0
006 a|||||r|||| 00| 0
007 ta
008 221004b |||||||| |||| 00| 0 hin d
020 _c395
024 _a101056
037 _b370, 04/03/2010, Swaraj Prakashan
_cTextual
040 _aCRL
_cCRL
_bhin
041 _2hin
_ahin
082 _aO152,2M89:g, P2
100 _aगुप्त, दिनेश कुमार
245 0 _aपाश्चात्य नाट्य दृष्टि और जयशंकर प्रसाद के नाटक
246 _aPāshchātya nāṭya dṛuṣhṭi aur jayashankar prasād ke nāṭaka
260 _aदिल्ली
_bईशा ज्ञानदीप भारत
_c2002
300 _a296पृ0
_ccm.
942 _hO152,2M89:g, P2
_cTEXL
_2cc
999 _c1010954
_d1010954